| 000 | 00362nam a2200145Ia 4500 | ||
|---|---|---|---|
| 008 | 150201s2002 xx 000 0 und d | ||
| 082 |
_a612.96 _bH2002M |
||
| 100 | _aSTANLEY F.MALAMED | ||
| 245 | _aHANDBOOK OF LOCAL ANESTHESIA | ||
| 250 | _a4TH | ||
| 260 |
_bMOSBY _aST.LOUIS.MISSOURI _c2002 |
||
| 300 | _a1-327 | ||
| 650 | _aORAL SURGERY | ||
| 942 |
_2ddc _cBK _053 |
||
| 999 |
_c2779 _d2779 |
||